Esport CS2 w 2024 - Statystyki

Ogólne statystyki
  • Ten quiz został rozwiązany 284 razy
  • Średni wynik to 8 z 10
Statystyki odpowiedzi
Zagadnienie Odpowiedź % Poprawnych
Do jakiej drużyny przeszedł Snax w 2024? G2
99%
Do jakiej drużyny ma przejść Niko po przegranej na majorze w Szanghaju? Falcons
95%
Kto wygrał Majora w Szanghaju? (Perfect World Shanghai 2024) Team Spirit
95%
W jakiej drużynie Neo jest coachem (trenerem)? Faze
90%
Który gracz po nieudanym clutchu 1v5 zrobił dziurę w biurku podczas turnieju BLAST Premier Fall Final 2024? Niko
89%
Kto był graczem roku 2024 według HLTV? donk
88%
Który z tych pucharów był za wygraną na Majorze w Kopenhadze?
73%
Kto wygrał Majora w Kopenhadze? (PGL Copenhagen 2024) Navi
71%
Która polska drużyna jako jedyna dostała się na RMR (kwalifikacje) do majora w Szanghaju? Rebels
48%
Do jakiego etapu doszło Vitality na majorze w Szanghaju? Ćwierćfinał
41%
Nie znaleziono quizów pasujących do podanych kryteriów
Rozkład punktacji
Procent ludzi z każdym wynikiem
Percentyl według liczby udzielonych odpowiedzi
Twoja historia wyników
Nie rozwiązałeś tego quizu